000 01570cam a2200265 4500500
005 20260329021447.0
041 _afre
042 _adc
100 1 0 _aTourpe, Emmanuel
_eauthor
245 0 0 _aClaude Tresmontant (1925-1997). Notre infidèle mémoire
260 _c2025.
500 _a38
520 _aLa postérité intellectuelle de Claude Tresmontant reste méconnue. Philosophe chrétien inclassable, il a tenté de renouer un dialogue entre science, philosophie et foi, tout en revalorisant Blondel dans une perspective métaphysique réaliste. Son œuvre, marginalisée à tort, mérite aujourd’hui d’être relue, comme nous y invite Yves Tourenne dans l’article suivant.
520 _aClaude Tresmontant’s intellectual legacy remains largely overlooked. An unclassifiable Christian philosopher, he sought to reopen dialogue between science, philosophy, and faith, while reviving the thought of Blondel through a realistic metaphysical lens. Marginalized in his time, his work deserves renewed attention, as Yves Tourenne invites us in the following article.
690 _aDialogue science-théologie
690 _aMaurice Blondel
690 _aMétaphysique
690 _aPhilosophie chrétienne
690 _aChristian philosophy
690 _aMaurice Blondel
690 _aMetaphysics
690 _aScience-theology dialogue
786 0 _nNouvelle revue théologique | 148 | 1 | 2025-12-09 | p. 85-87 | 0029-4845
856 4 1 _uhttps://shs.cairn.info/revue-nouvelle-revue-theologique-2025-5-page-85?lang=fr&redirect-ssocas=7080
999 _c1912714
_d1912714